Divided loyalties: canadian concepts of federalism
Guardat en:
| Autor principal: | |
|---|---|
| Format: | Llibre |
| Idioma: | anglès |
| Publicat: |
Montreal
McGill-Queen's University
1975
|
| Matèries: | |
| Etiquetes: |
Afegir etiqueta
Sense etiquetes, Sigues el primer a etiquetar aquest registre!
|
MARC
| LEADER | 00000nam a2200000 a 4500 | ||
|---|---|---|---|
| 001 | UCO8008 | ||
| 003 | CL-VaPUC | ||
| 008 | 001124e19750000CN |||||||||||||||||eng|d | ||
| 082 | 0 | 4 | |a 320.971 |b BLA |2 21 |
| 100 | 0 | |a Black, Edwin R |e author |9 452825 | |
| 245 | 1 | 0 | |a Divided loyalties: canadian concepts of federalism |
| 300 | |a 272 p | ||
| 942 | |c BK | ||
| 945 | |d 20001124 00:00:00 |a crobeson | ||
| 260 | |a Montreal |b McGill-Queen's University |c 1975 | ||
| 500 | |a Donación del profesor Manfred Wilhelmy von Wolff | ||
| 650 | 0 | |a Política y gobierno |9 255151 | |
| 650 | 0 | |a Federalismo |9 313886 | |
| 650 | 7 | |a SISTEMAS POLITICOS |2 CL-VaPUC |9 452826 | |
| 651 | 7 | |a CANADA |2 CL-VaPUC |9 452827 | |
| 583 | |a last modification |c 20001124 00:00:00 |k Rodrigo Vera | ||
| 999 | |c 292820 |d 292818 | ||
| 952 | |0 0 |1 0 |4 0 |6 320_971000000000000_BLA_1975 |7 0 |8 A |9 343893 |a BIBHIS |b BIBHIS |d 2019-11-20 |i 1235265 |o 320.971 BLA 1975 |p 1235265 |r 2025-01-20 |w 2019-11-20 |y BK |k HIS | ||